000 00433nam a2200181Ia 4500
001 10346
005 20260306161825.0
008 260306t2004||||xx |||||||||||||| ||spa||
041 _aESP
082 _a920.3
_bC94
100 _aCubeiro, Juan Carlos
_eAUT
245 0 _aEl triunfo del humanismo en la empresa
260 _c2004
300 _a219 páginas :
_ccm.
650 _aGEN
654 _aCHU
942 _cLIB
_dJUS
_fJUS
_2ddc
_n
999 _c10346
_d10346